| 000 | 01414cam a2200145 4500500 | ||
|---|---|---|---|
| 005 | 20260329023236.0 | ||
| 041 | _afre | ||
| 042 | _adc | ||
| 100 | 1 | 0 |
_aIsaac, Jules _eauthor |
| 700 | 1 | 0 |
_aMichel, Marc _eauthor |
| 245 | 0 | 0 | _aJules Isaac, un historien dans la grande guerre : Lettres et carnets, 1914-1917 |
| 260 |
_bArmand Colin,
_c2004. |
||
| 520 | _aMobilisé en août 1914, à 37 ans, l’historien Jules Isaac partagea la vie des fantassins pendant plus de trente mois sur l’Aisne, en Champagne, à Verdun, avant d’être blessé et évacué de son observatoire de la forêt de Hesse, au-dessus de Vauquois, à la fin juin 1917. Pendant toute cette période, il échangea avec son épouse Laure une correspondance très régulière relatant sa vie au front, et la barbarie quotidienne à laquelle, comme tous ses camarades, il était confronté.Ces lettres inédites, poignantes et lucides, puisqu’elles témoignent à la fois d’une expérience personnelle et du regard de l’historien sur l’événement sont ici réunies pour la première fois. Un apport capital à la mémoire d’un conflit dans lequel on s’accorde à voir, à juste titre, la matrice du XXe siècle.Ouvrage réalisé avec le concours de l’Association des Amis de Jules Isaac. | ||
| 856 | 4 | 1 | _uhttps://shs.cairn.info/jules-isaac-un-historien-dans-la-grande-guerre--9782200267315?lang=fr&redirect-ssocas=7080 |
| 999 |
_c1925750 _d1925750 |
||